000 00494nam a22001697a 4500
003 OSt
005 20260223104338.0
008 241221b |||||||| |||| 00| 0 eng d
020 _a99789390619078
040 _aSRHU
_bEnglish
_cSRHU
082 _223rd
_a610.73
245 _aClinical Nursing Procedures (National institute Of Nursing Education 0
_c Ghai, Sandhya.
250 _a3rd
260 _aNew Delhi
_bCBS Publishers
_c2023
300 _axxii,1320p
_c29cm
942 _2ddc
_cNURS
_e3rd
999 _c19281
_d19281